Issues and personalities in seventh elections (Record no. 34082)

MARC details
000 -LEADER
fixed length control field 00267nam a2200109Ia 4500
082 ## - DEWEY DECIMAL CLASSIFICATION NUMBER
Classification number 032
Item number NAT
100 ## - MAIN ENTRY--AUTHOR NAME
Personal name B
245 #0 - TITLE STATEMENT
Title Issues and personalities in seventh elections
260 ## - PUBLICATION, DISTRIBUTION, ETC. (IMPRINT)
Place of publication Delhi
Name of publisher Varma
Year of publication 1979
942 ## - ADDED ENTRY ELEMENTS (KOHA)
Koha item type Books
Holdings
Withdrawn status Lost status Damaged status Not for loan Home library Current library Date acquired Cost, normal purchase price Full call number Accession Number Koha item type
        RRII Library RRII Library 16/12/2021 35.00 032 NAT 14522 Books